Statistiques concernant Devinettes - Série 09

Cliquez ici pour prendre le quiz!

Statistiques générales

  • Ce quiz a été pris 49 fois
  • Le résultat moyen est 3 sur 10

Statistiques - réponses

DéfinitionSolution% Correct
Monsieur et Madame ORAK ont une fille. Comment s'appelle-t-elle ?Anne
85%
Monsieur et Madame JAVEL ont une fille. Comment s'appelle-t-elle ?Aude
70%
Monsieur et madame PARD ont un fils. Comment s'appelle-t-il ?Leo
53%
Monsieur et Madame NETTE ont une fille. Comment s'appelle-t-elle ?Marion
30%
Monsieur et madame STOP ont un fils. Comment s'appelle-t-il ?Otto
19%
Monsieur et madame ROGNE ont un fils. Comment s'appelle-t-il ?Yves
19%
Monsieur et madame HISSE ont un fils. Comment s'appelle-t-il ?Paul
17%
Monsieur et Madame ONETTE ont une fille. Comment s'appelle-t-elle ?Camille
15%
Monsieur et madame INSTANT ont un fils. Comment s'appelle-t-il ?Justin
15%
Monsieur et madame ZOLA ont un fils. Comment s'appelle-t-il ?Gordon
9%

Distribution des résultats

Percentile par nombre de réponses

% des personnes avec chaque résultat

Votre développement - résultats

Vous n’avez pas pris ce quiz